| 000 | 00481nam a22001817a 4500 | ||
|---|---|---|---|
| 003 | CEME | ||
| 005 | 20210628205921.0 | ||
| 008 | 210208b xxu||||| |||| 00| 0 eng d | ||
| 040 | _c. | ||
| 082 | _a671 AMS | ||
| 100 |
_aOstwald. Philip.F Amstead, B. H Begeman, Myron.L _977465 |
||
| 245 | _aManufacturing processes si version | ||
| 250 | _a7TH | ||
| 260 |
_aNEWYORK _bJOHN WILEY _c1976 |
||
| 300 | _a739P | ||
| 650 |
_aBASIC MANUFACTURING PROCESSES _977466 |
||
| 942 |
_cBK _2ddc |
||
| 999 |
_c582726 _d582726 |
||